00282nam a2200121Ia 4500008004100000082001800041100001100059245003400070250000800104260003200112300000800144650000800152191201s2010 xx 000 0 und d a331.0954bRAI aRAO,PL 0aIndustrial Relations in India a1st aN. DelhibExcel Booksc2010 a439 aMBA